000 00948nam a2200241Ia 4500
003 OSt
005 20220923220643.0
006 a|||||r|||| 00| 0
007 ta
008 220922b |||||||| |||| 00| 0 hin d
024 _a188,612
037 _cTextual
040 _aARTS
_cARTS
_bhin
041 _2hin
_ahin
082 _aO152,2M50x, J1.1-.2
100 _aभारतेन्दु, हरिशचन्द्र; ब्रजरत्न दास, संपा.
_9164482
245 0 _aभारतेन्दु नाटकावली
246 _aBhāratendu nāṭakāvalī
260 _aइलाहाबाद
_b रामनारयण लाल
_c1936
650 _aहिन्दी साहित्य
_9156264
942 _hO152,2M50x, J1.1-.2
_cTEXL
_2CC
999 _c341529
_d341529